000 00587nam a2200169 a 4500
001 000033193
005 20200930070105.0
008 110822s1913 dr 000 0 spa d
040 _aDO-SdBNP
_bspa
_cBNPHU
082 _axxxx
_bR426c
110 1 _aRepública Dominicana.
_bSecretaría de Estado de Relaciones Exteriores
_92256
245 1 0 _aConvención de paquetes postales entre la República Dominicana y los Estados Unidos de América.
250 _aEd. Oficial
260 _aSanto Domingo :
_bImp. y Librería de J. R. García,
_c1913.
300 _a21 p. ;
_c24 cm.
049 _aBNPD
999 _c32684
_d32684